000 00701nam a2200253 a 4500
001 BRL_1228
005 20190320211109.0
008 021213s19uu----gw-a######---#000-0#ger-#
041 _ager
044 _agw
050 4 _aPN2616.V52
_b.L68 1900
100 1 _aLothar, Rudolph
_926185
245 1 0 _aDas wiener burgtheater
_cvon Rudolph Lothar.
260 _aBerlin
_bSchuster & Loeffler
_c[19--]
300 _a75 p.
_bil.
_c17 cm.
440 0 _aDas Theater
_926186
500 _aAu1409
500 _aEstado fĂ­sico: No tiene lomo.
500 _aZweites Tausend.
610 2 4 _aBurgtheater (Viena, Austria)
_926187
650 1 4 _aTeatro
_zViena (Austria)
_926188
902 _aGRL
942 _2lcc
_cB
999 _c10040
_d10040